00000000nam##2200000za#4500
0019.574224
003CaOODSP
00520210624184059
007cr |||||||||||
008150406|2007||||xxc|||||o    f|0| 0 eng|d
022 |a1488-5379
040 |aCaOODSP|beng
043 |an-cn---
0861 |aFs97-6/2684E-PDF
1101 |aCanada. |bDepartment of Fisheries and Oceans.
24514|aThe predation of zooplankton by the blue mussel (Mytilus edulis) and the clubbed tunicate (Styela clava) / |h[electronic resource]|c[by] A. R. LeBlanc ... [et al.].
260 |aWinnipeg - Manitoba : |bFisheries and Oceans Canada |c2007.
300 |a26p.|bgraphs, references, tables
4901 |aCanadian technical report of fisheries and aquatic sciences|x1488-5379|v2684
500 |aThe catalogue number (Fs97-6/2684E) and ISSN (0706-6457) for the print edition have been incorrectly copied in this electronic publication.
546 |a(Résumé en français)
590 |a12-27-Supp|b2012-06-12
7201 |aLeBlanc, A. R.
7760#|tThe predation of zooplankton by the blue mussel (Mytilus edulis) and the clubbed tunicate (Styela clava) / |w(CaOODSP)9.618293
830#0|aCanadian technical report of fisheries and aquatic sciences,|x1488-5379|v2684|w(CaOODSP)9.504449
85640|ahttp://publications.gc.ca|qPDF|s196 KB |uhttps://publications.gc.ca/collections/collection_2012/mpo-dfo/Fs97-6-2684-eng.pdf|y2684